000
00267nam a2200109Ia 4500
005
20251222143251.0
008
251222s9999||||xx |||||||||||||| ||spa||
082
_a
869.57/C75K
100
_a
"Colchado Lucio, Oscar"
245
0
_a
Kuya kuyaCordillera negra
942
_c
LIB
999
_c
14963
_d
14963